000 00745cam a22001934a 4500
005 20250605164351.0
008 250528s ||||||||||||||||||||||||d
035 _a24102
040 _aGR-AtMCL
_bgre
_dGR-AtMCL
_eAACR2
245 1 _aLeft and Right / Insights from Neural Networks
260 _c2006
300 _a71
520 _aResearch in the NHS, Memory in Depression, Gaza and the West Bank, Heterosexism and Racism and Psychology, Digging Deep into Depression, Psychology in Gaza and the West Bank, Research in the NHS: Survival of the Biggest, Heterosexism and Racism and Psychology.
700 1 _aSutton Jon
_99351
942 _cCR
710 2 _aThe British Psychological Society
_99823
999 _c9001
_d9001